Great expectations: (Record no. 174497)

000 -LEADER
fixed length control field 00565nam a22001937a 4500
003 - CONTROL NUMBER IDENTIFIER
control field Nust
005 - DATE AND TIME OF LATEST TRANSACTION
control field 20180731113218.0
008 - FIXED-LENGTH DATA ELEMENTS--GENERAL INFORMATION
fixed length control field 170128b xxu||||| |||| 00| 0 eng d
020 ## - INTERNATIONAL STANDARD BOOK NUMBER
International Standard Book Number 9781840220599
Terms of availability Rs. 400
038 ## - RECORD CONTENT LICENSOR
Staff Name Arshad
040 ## - CATALOGING SOURCE
Original cataloging agency NUST - Fiction
082 ## - DEWEY DECIMAL CLASSIFICATION NUMBER
Classification number 823
Author Mark DIC
100 ## - MAIN ENTRY--PERSONAL NAME
Personal name Dickens, Charles,
Dates associated with a name 1812-1870
9 (RLIN) 12180
245 ## - TITLE STATEMENT
Title Great expectations:
Remainder of title with an introduction David Traotter
Statement of responsibility, etc. by Charles Dickens
260 ## - PUBLICATION, DISTRIBUTION, ETC.
Place of publication, distribution, etc. London:
Name of publisher, distributor, etc. Wordssworth,
Date of publication, distribution, etc. 2005.
300 ## - PHYSICAL DESCRIPTION
Extent 1310p.
650 ## - SUBJECT ADDED ENTRY--TOPICAL TERM
Topical term or geographic name entry element Manners and customs
Form subdivision Fiction
9 (RLIN) 12186
942 ## - ADDED ENTRY ELEMENTS (KOHA)
Source of classification or shelving scheme
Koha item type Book
Holdings
Withdrawn status Lost status Source of classification or shelving scheme Damaged status Not for loan Collection code Permanent Location Current Location Shelving location Date acquired Total Checkouts Total Renewals Full call number Barcode Date last seen Date last checked out Copy number Price effective from Koha item type
            Central Library (CL) Central Library (CL) Children Section 01/28/2017 2 1 823 DIC CL2617 02/13/2023 02/13/2019 1 01/28/2017 Book
© 2023 Central Library, National University of Sciences and Technology. All Rights Reserved.